Estadísticas para Quiz de fútbol

Haz click aquí para tomar la prueba!

Estadísticas generales

  • Esta prueba ha sido tomada 1.568 veces
  • La puntuación promedio es 6 de 15

Estadísticas de respuestas

Después de todoRespuesta% Correcto
Jugador de fútbol que le dio un cabezazo a
Materazzi en el mundial Alemania 2006.
Zinedine Zidane
98%
Cantidad de balones de oro consecutivos que
ganó Lionel Messi.
4
89%
Jugador con más copas en la historia.Dani Alves
70%
Jugador que hizo el mejor gol en el mundial Brasil 2014.James Rodríguez
61%
Arquero leyenda conocido como "La araña negra".Lev Yashin
52%
Jugador brasileño con más balones de oro.Ronaldo Nazário
49%
País con mas medallas olímpicas en Tokio 2020.Estados Unidos
44%
Elegido como mejor jugador en el mundial Sudáfrica 2010.Diego Forlán
42%
Jugador argentino apodado como
"La saeta rubia"
Alfredo Di
Stéfano
23%
País en el que nació el jugador Ivan Rákitic.Suiza
17%
Jugador de fútbol con más goles en la historia.Josef Bican
14%
Considerado como el futbolista más agresivo de la historia.Roy Keane
10%
Jugador de fútbol que ganó la bota de oro en la temporada 2019/20.Ciro Immóbile
9%
Futbolista que ganó el premio Puskás 2020.Son Heung-Min
4%
Actual entrenador del Real Madrid.Raúl González
1%

Distribución de puntuación

Porcentaje por número respondido

Porcentaje de gente con cada puntuación

Historial de tus puntuaciones

No has tomado esta prueba